[Event "DEM U8 2024"]
[Site "Willingen GER"]
[Date "2024.05.23"]
[Round "3"]
[White "Al Luwaisi, Taim"]
[Black "Besou, Jad"]
[Result "0-1"]
[Termination "normal"]
[Board "4"]
[WhiteElo "1198"]
[BlackElo "1679"]
[WhiteClock "00:32:43"]
[BlackClock "00:27:11"]
[PlyCount "50"]
[WhiteFideId "34645896"]
[BlackFideId "34631348"]
[EventCountry "GER"]
[EventRounds "7"]
[EventType "swiss"]
[EventDate "2024.05.21"]

1. e4 {[%clk 01:00:28]} e5 {[%clk 01:00:19]} {[%emt 00:00:12]} 2. Nf3 {[%clk
01:00:38]} {[%emt 00:00:05]} Nc6 {[%clk 01:00:21]} {[%emt 00:00:14]} 3. Bc4
{[%clk 01:00:45]} {[%emt 00:00:07]} Bc5 {[%clk 01:00:23]} {[%emt 00:00:13]} 4.
c3 {[%clk 01:00:52]} {[%emt 00:00:08]} Nf6 {[%clk 01:00:10]} {[%emt 00:00:27]}
5. d4 {[%clk 01:00:58]} {[%emt 00:00:10]} exd4 {[%clk 01:00:14]} {[%emt
00:00:11]} 6. cxd4 {[%emt 00:00:09]} Bb4+ {[%clk 00:59:58]} {[%emt 00:00:29]}
7. Bd2 {[%clk 01:01:11]} {[%emt 00:00:09]} Bxd2+ {[%clk 00:59:19]} {[%emt
00:00:53]} 8. Nbxd2 {[%clk 01:01:18]} {[%emt 00:00:09]} d5 {[%clk 00:58:48]}
{[%emt 00:00:46]} 9. exd5 {[%clk 01:01:24]} {[%emt 00:00:09]} Nxd5 {[%clk
00:58:00]} {[%emt 00:01:03]} 10. O-O {[%clk 01:01:17]} {[%emt 00:00:21]} O-O
{[%clk 00:57:52]} {[%emt 00:00:24]} 11. a4 {[%clk 01:01:27]} {[%emt 00:00:05]}
Nb6 {[%clk 00:55:11]} {[%emt 00:02:56]} 12. a5 {[%clk 00:59:15]} {[%emt
00:02:27]} Nxc4 {[%clk 00:53:19]} {[%emt 00:02:06]} 13. Nxc4 {[%clk 00:59:18]}
{[%emt 00:00:13]} Bg4 {[%clk 00:52:56]} {[%emt 00:00:38]} 14. a6 {[%clk
00:51:02]} {[%emt 00:08:31]} bxa6 {[%clk 00:48:33]} {[%emt 00:04:38]} 15. Rxa6
{[%clk 00:50:32]} {[%emt 00:00:45]} Bxf3 {[%clk 00:46:16]} {[%emt 00:02:32]}
16. Qxf3 {[%clk 00:45:43]} {[%emt 00:05:03]} Nxd4 {[%clk 00:44:15]} {[%emt
00:02:17]} 17. Qg4 {[%clk 00:45:08]} {[%emt 00:00:48]} Re8 {[%clk 00:38:50]}
{[%emt 00:05:40]} 18. Kh1 {[%clk 00:43:56]} {[%emt 00:01:27]} Ne2 {[%clk
00:37:15]} {[%emt 00:01:50]} 19. Ne3 {[%clk 00:41:09]} {[%emt 00:03:03]} Qd3
{[%clk 00:33:28]} {[%emt 00:04:02]} 20. Ra3 {[%clk 00:37:44]} {[%emt 00:05:00]}
Qb5 {[%clk 00:28:49]} {[%emt 00:05:05]} 21. b4 {[%clk 00:33:17]} {[%emt
00:04:41]} Rxe3 {[%clk 00:27:09]} {[%emt 00:01:55]} 22. fxe3 {[%clk 00:32:54]}
{[%emt 00:00:38]} Ng3+ {[%clk 00:27:09]} {[%emt 00:00:15]} 23. hxg3 {[%clk
00:32:52]} {[%emt 00:00:15]} Qxf1+ {[%clk 00:27:18]} {[%emt 00:00:09]} 24. Kh2
{[%clk 00:32:58]} {[%emt 00:00:08]} Qf6 {[%clk 00:27:11]} {[%emt 00:00:21]} 25.
Rxa7 {[%clk 00:32:43]} {[%emt 00:00:31]} Qh6+ {[%emt 00:02:37]} 0-1

[Event "DEM U8 2024"]
[Site "Willingen GER"]
[Date "2024.05.23"]
[Round "3"]
[White "Weis, Robert"]
[Black "Mudriievskyi, Jan"]
[Result "0-1"]
[Termination "normal"]
[Board "5"]
[WhiteElo "1082"]
[BlackElo "1672"]
[WhiteClock "00:37:43"]
[BlackClock "00:52:48"]
[PlyCount "74"]
[WhiteFideId "1362810"]
[BlackFideId "34676473"]
[EventCountry "GER"]
[EventRounds "7"]
[EventType "swiss"]
[EventDate "2024.05.21"]

1. e4 {[%clk 01:00:27]} {[%emt 00:00:04]} c5 {[%clk 01:00:23]} {[%emt
00:00:06]} 2. Nf3 {[%clk 01:00:38]} {[%emt 00:00:05]} d6 {[%clk 01:00:30]}
{[%emt 00:00:08]} 3. d4 {[%clk 01:00:47]} {[%emt 00:00:05]} cxd4 {[%clk
01:00:39]} {[%emt 00:00:07]} 4. Nxd4 {[%clk 01:00:56]} {[%emt 00:00:07]} Nf6
{[%clk 01:00:47]} {[%emt 00:00:07]} 5. Nc3 {[%clk 01:01:09]} {[%emt 00:00:02]}
g6 {[%clk 01:00:48]} {[%emt 00:00:13]} 6. Be2 {[%clk 01:01:16]} {[%emt
00:00:09]} Bg7 {[%clk 01:00:56]} {[%emt 00:00:07]} 7. O-O {[%clk 01:01:23]}
{[%emt 00:00:07]} O-O {[%clk 01:01:07]} {[%emt 00:00:04]} 8. Re1 {[%clk
01:01:20]} {[%emt 00:00:18]} Nc6 {[%clk 01:01:13]} {[%emt 00:00:10]} 9. Nb3
{[%clk 01:01:29]} {[%emt 00:00:05]} Be6 {[%clk 01:01:13]} {[%emt 00:00:15]} 10.
Bf1 {[%clk 01:01:34]} {[%emt 00:00:10]} Rc8 {[%clk 01:00:52]} {[%emt 00:00:38]}
11. Nd5 {[%clk 01:01:37]} {[%emt 00:00:11]} Bxd5 {[%clk 01:00:41]} {[%emt
00:00:26]} 12. exd5 {[%clk 01:01:44]} {[%emt 00:00:08]} Nb4 {[%clk 01:00:35]}
{[%emt 00:00:21]} 13. c4 {[%clk 01:01:07]} {[%emt 00:00:52]} Na6 {[%clk
00:59:53]} {[%emt 00:00:58]} 14. Bg5 {[%clk 01:00:30]} {[%emt 00:00:51]} Nc5
{[%clk 00:59:41]} {[%emt 00:00:28]} 15. Qd2 {[%clk 01:00:18]} {[%emt 00:00:26]}
Nfe4 {[%clk 00:58:44]} {[%emt 00:01:14]} 16. Qc1 {[%clk 00:56:51]} {[%emt
00:03:41]} Nxg5 {[%clk 00:58:06]} {[%emt 00:00:53]} 17. Qxg5 {[%clk 00:56:54]}
{[%emt 00:00:12]} Bxb2 {[%clk 00:58:10]} {[%emt 00:00:10]} 18. Rab1 {[%clk
00:56:50]} {[%emt 00:00:19]} Bf6 {[%clk 00:58:16]} {[%emt 00:00:10]} 19. Qe3
{[%clk 00:56:39]} {[%emt 00:00:25]} Qd7 {[%clk 00:57:55]} {[%emt 00:00:37]} 20.
Nxc5 {[%clk 00:56:11]} {[%emt 00:00:43]} Rxc5 {[%clk 00:57:55]} {[%emt
00:00:16]} 21. g3 {[%clk 00:55:19]} {[%emt 00:01:07]} Rfc8 {[%clk 00:57:21]}
{[%emt 00:00:49]} 22. Bg2 {[%clk 00:54:59]} {[%emt 00:00:35]} Rxc4 {[%clk
00:57:20]} {[%emt 00:00:17]} 23. Qxa7 {[%clk 00:55:06]} {[%emt 00:00:08]} Bd4
{[%clk 00:56:24]} {[%emt 00:01:10]} 24. Qxb7 {[%clk 00:54:35]} {[%emt
00:00:45]} Qf5 {[%clk 00:56:08]} {[%emt 00:00:31]} 25. Kh1 {[%clk 00:48:47]}
{[%emt 00:06:03]} Rc2 {[%clk 00:53:46]} {[%emt 00:02:38]} 26. Be4 {[%clk
00:47:39]} {[%emt 00:01:23]} Qxf2 {[%clk 00:53:26]} {[%emt 00:00:35]} 27. Qxc8+
{[%clk 00:41:20]} {[%emt 00:06:34]} Rxc8 {[%clk 00:53:29]} {[%emt 00:00:12]}
28. Rf1 {[%clk 00:39:34]} {[%emt 00:02:01]} Qxa2 {[%clk 00:53:33]} {[%emt
00:00:12]} 29. Rbd1 {[%clk 00:39:25]} {[%emt 00:00:23]} Be5 {[%clk 00:53:15]}
{[%emt 00:00:33]} 30. Bb1 {[%clk 00:39:17]} {[%emt 00:00:22]} Qe2 {[%clk
00:53:03]} {[%emt 00:00:27]} 31. Rfe1 {[%clk 00:39:05]} {[%emt 00:00:28]} Qf3+
{[%clk 00:52:48]} {[%emt 00:00:29]} 32. Kg1 {[%clk 00:39:03]} {[%emt 00:00:18]}
Rb8 {[%clk 00:52:41]} {[%emt 00:00:23]} 33. Be4 {[%clk 00:38:49]} {[%emt
00:00:30]} Qc3 {[%clk 00:52:40]} {[%emt 00:00:14]} 34. Rc1 {[%clk 00:38:26]}
{[%emt 00:00:37]} Qd4+ {[%clk 00:52:41]} {[%emt 00:00:13]} 35. Kh1 {[%clk
00:38:07]} {[%emt 00:00:35]} Rb2 {[%clk 00:52:44]} {[%emt 00:00:13]} 36. Rc8+
{[%clk 00:37:57]} {[%emt 00:00:25]} Kg7 {[%clk 00:52:48]} {[%emt 00:00:12]} 37.
Bc2 {[%clk 00:37:43]} {[%emt 00:00:27]} Qf2 {[%emt 00:01:05]} 0-1

[Event "DEM U8 2024"]
[Site "Willingen GER"]
[Date "2024.05.23"]
[Round "3"]
[White "Siegel, Vitus"]
[Black "von Gehlen, Elian"]
[Result "0-1"]
[Termination "normal"]
[Board "6"]
[WhiteElo "1345"]
[BlackElo "1494"]
[WhiteClock "00:47:59"]
[BlackClock "00:46:49"]
[PlyCount "80"]
[WhiteFideId "34694102"]
[BlackFideId "34651560"]
[EventCountry "GER"]
[EventRounds "7"]
[EventType "swiss"]
[EventDate "2024.05.21"]

1. e4 {[%clk 01:00:17]} {[%emt 00:00:01]} c6 {[%clk 01:00:29]} {[%emt
00:00:12]} 2. d4 {[%clk 01:00:19]} {[%emt 00:00:12]} d5 {[%clk 01:00:35]}
{[%emt 00:00:09]} 3. exd5 {[%clk 01:00:11]} {[%emt 00:00:24]} cxd5 {[%clk
01:00:39]} {[%emt 00:00:11]} 4. Nc3 {[%clk 00:58:55]} {[%emt 00:01:30]} Nf6
{[%clk 01:00:28]} {[%emt 00:00:26]} 5. Bf4 {[%clk 00:58:51]} {[%emt 00:00:19]}
Bg4 {[%clk 01:00:22]} {[%emt 00:00:19]} 6. Be2 {[%clk 00:58:57]} {[%emt
00:00:11]} Bxe2 {[%clk 01:00:25]} {[%emt 00:00:12]} 7. Ngxe2 {[%clk 00:58:59]}
{[%emt 00:00:12]} Nc6 {[%clk 01:00:29]} {[%emt 00:00:13]} 8. Nb5 {[%clk
00:58:57]} {[%emt 00:00:17]} Rc8 {[%clk 01:00:23]} {[%emt 00:00:21]} 9. O-O
{[%clk 00:58:40]} {[%emt 00:00:31]} e6 {[%clk 01:00:15]} {[%emt 00:00:23]} 10.
Nbc3 {[%clk 00:58:14]} {[%emt 00:00:42]} Bd6 {[%clk 01:00:00]} {[%emt
00:00:30]} 11. Qd3 {[%clk 00:57:37]} {[%emt 00:00:49]} Bxf4 {[%clk 00:59:03]}
{[%emt 00:01:14]} 12. Nxf4 {[%clk 00:57:42]} {[%emt 00:00:11]} O-O {[%clk
00:58:48]} {[%emt 00:00:29]} 13. Rfe1 {[%clk 00:57:29]} {[%emt 00:00:28]} Re8
{[%clk 00:57:29]} {[%emt 00:01:35]} 14. Qg3 {[%clk 00:56:56]} {[%emt 00:00:47]}
Nxd4 {[%emt 00:00:40]} 15. Qd3 {[%clk 00:56:24]} {[%emt 00:00:44]} Nc6 {[%clk
00:56:53]} {[%emt 00:00:30]} 16. a3 {[%clk 00:56:14]} {[%emt 00:00:25]} Qc7
{[%clk 00:55:29]} {[%emt 00:01:38]} 17. Nfe2 {[%clk 00:56:06]} {[%emt
00:00:22]} Ne5 {[%clk 00:55:22]} {[%emt 00:00:23]} 18. Qd4 {[%clk 00:55:54]}
{[%emt 00:00:26]} Nc4 {[%clk 00:53:17]} {[%emt 00:02:22]} 19. Qxa7 {[%clk
00:55:49]} {[%emt 00:00:21]} e5 {[%clk 00:52:51]} {[%emt 00:00:39]} 20. Nc1
{[%clk 00:55:12]} {[%emt 00:00:53]} Ra8 {[%clk 00:53:00]} {[%emt 00:00:07]} 21.
Qe3 {[%clk 00:53:52]} {[%emt 00:01:32]} Nxe3 {[%clk 00:53:04]} {[%emt
00:00:14]} 22. fxe3 {[%clk 00:53:33]} {[%emt 00:00:33]} d4 {[%clk 00:53:10]}
{[%emt 00:00:09]} 23. Rf1 {[%clk 00:52:39]} {[%emt 00:00:52]} dxc3 {[%clk
00:52:29]} {[%emt 00:01:12]} 24. b3 {[%clk 00:52:32]} {[%emt 00:00:22]} Qb6
{[%clk 00:50:39]} {[%emt 00:02:06]} 25. Nd3 {[%clk 00:51:49]} {[%emt 00:00:56]}
Qxe3+ {[%clk 00:50:06]} {[%emt 00:00:49]} 26. Kh1 {[%clk 00:52:00]} {[%emt
00:00:04]} e4 {[%clk 00:49:44]} {[%emt 00:00:37]} 27. Rae1 {[%clk 00:52:02]}
{[%emt 00:00:12]} Qd4 {[%clk 00:49:03]} {[%emt 00:00:56]} 28. Nf2 {[%clk
00:51:38]} {[%emt 00:00:39]} Nd5 {[%clk 00:48:37]} {[%emt 00:00:42]} 29. Rd1
{[%clk 00:51:40]} {[%emt 00:00:12]} Qc5 {[%clk 00:48:28]} {[%emt 00:00:22]} 30.
b4 {[%clk 00:51:26]} {[%emt 00:00:31]} Qb5 {[%clk 00:48:27]} {[%emt 00:00:16]}
31. Ng4 {[%emt 00:00:51]} f5 {[%emt 00:00:16]} 32. Rxf5 {[%emt 00:00:15]} Rf8
{[%emt 00:00:43]} 33. Ne3 {[%clk 00:48:48]} {[%emt 00:00:47]} Qe2 {[%clk
00:47:38]} {[%emt 00:01:04]} 34. h3 {[%clk 00:48:40]} {[%emt 00:00:22]} Rxf5
{[%clk 00:47:39]} {[%emt 00:00:15]} 35. Nxf5 {[%clk 00:48:03]} {[%emt
00:00:20]} Qxd1+ {[%clk 00:47:39]} {[%emt 00:00:47]} 36. Kh2 {[%clk 00:48:15]}
{[%emt 00:00:03]} Rf8 {[%clk 00:47:24]} {[%emt 00:00:28]} 37. Ng3 {[%clk
00:48:16]} {[%emt 00:00:14]} Nf4 {[%clk 00:46:58]} {[%emt 00:00:43]} 38. Nxe4
{[%clk 00:48:17]} {[%emt 00:00:13]} Qe2 {[%clk 00:46:53]} {[%emt 00:00:21]} 39.
Nf2 {[%clk 00:48:06]} {[%emt 00:00:25]} Qxf2 {[%clk 00:46:52]} {[%emt
00:00:17]} 40. b5 {[%clk 00:47:59]} {[%emt 00:00:09]} Qxg2# {[%clk 00:46:49]}
{[%emt 00:00:16]} 0-1

[Event "DEM U8 2024"]
[Site "Willingen GER"]
[Date "2024.05.23"]
[Round "3"]
[White "Stanisic, Lukas"]
[Black "Ni, Wilhelm Zeyin"]
[Result "1/2-1/2"]
[Termination "normal"]
[Board "7"]
[WhiteElo "1677"]
[BlackElo "1696"]
[WhiteClock "00:25:17"]
[BlackClock "00:22:29"]
[PlyCount "60"]
[WhiteFideId "79316433"]
[BlackFideId "34675337"]
[EventCountry "GER"]
[EventRounds "7"]
[EventType "swiss"]
[EventDate "2024.05.21"]

1. e4 {[%clk 01:00:27]} {[%emt 00:00:02]} e5 {[%clk 01:00:23]} {[%emt
00:00:07]} 2. Nf3 {[%clk 01:00:40]} {[%emt 00:00:02]} Nc6 {[%clk 01:00:24]}
{[%emt 00:00:14]} 3. d4 {[%clk 01:00:45]} {[%emt 00:00:10]} exd4 {[%clk
01:00:30]} {[%emt 00:00:10]} 4. Bc4 {[%clk 01:00:48]} {[%emt 00:00:12]} Nf6
{[%clk 00:57:12]} {[%emt 00:03:32]} 5. e5 {[%clk 01:00:53]} {[%emt 00:00:11]}
Ng4 {[%clk 00:56:25]} {[%emt 00:01:02]} 6. O-O {[%clk 01:00:51]} {[%emt
00:00:17]} Be7 {[%clk 00:55:48]} {[%emt 00:00:52]} 7. Re1 {[%clk 01:00:38]}
{[%emt 00:00:27]} O-O {[%clk 00:55:19]} {[%emt 00:00:45]} 8. h3 {[%clk
01:00:42]} {[%emt 00:00:12]} Na5 {[%clk 00:52:39]} {[%emt 00:02:54]} 9. Bd3
{[%clk 00:59:56]} {[%emt 00:00:58]} Nxf2 {[%clk 00:50:45]} {[%emt 00:02:13]}
10. Kxf2 {[%clk 00:59:37]} {[%emt 00:00:34]} b6 {[%clk 00:49:22]} {[%emt
00:01:37]} 11. Be4 {[%clk 00:59:27]} {[%emt 00:00:23]} Bb7 {[%clk 00:48:50]}
{[%emt 00:00:49]} 12. Qd3 {[%clk 00:58:24]} {[%emt 00:01:09]} h6 {[%clk
00:47:23]} {[%emt 00:01:51]} 13. Nxd4 {[%clk 00:56:42]} {[%emt 00:01:56]} Bc5
{[%clk 00:44:50]} {[%emt 00:02:49]} 14. Be3 {[%clk 00:56:41]} {[%emt 00:00:14]}
f6 {[%clk 00:43:47]} {[%emt 00:01:21]} 15. exf6 {[%clk 00:55:07]} {[%emt
00:01:48]} Qxf6+ {[%clk 00:43:07]} {[%emt 00:00:56]} 16. Kg1 {[%clk 00:53:21]}
{[%emt 00:01:53]} Rae8 {[%clk 00:42:03]} {[%emt 00:01:27]} 17. Bxb7 {[%clk
00:52:48]} {[%emt 00:00:47]} Bxd4 {[%clk 00:41:19]} {[%emt 00:00:59]} 18. Bd5+
{[%clk 00:41:10]} {[%emt 00:11:53]} Kh8 {[%clk 00:41:04]} {[%emt 00:00:31]} 19.
Bxd4 {[%clk 00:39:10]} {[%emt 00:02:15]} Rxe1+ {[%clk 00:41:04]} {[%emt
00:00:16]} 20. Kh2 {[%clk 00:38:26]} {[%emt 00:00:46]} Qd6+ {[%clk 00:40:31]}
{[%emt 00:01:00]} 21. g3 {[%clk 00:38:08]} {[%emt 00:00:30]} c6 {[%clk
00:38:23]} {[%emt 00:02:27]} 22. Bg2 {[%clk 00:37:28]} {[%emt 00:00:51]} Kg8
{[%clk 00:36:26]} {[%emt 00:02:15]} 23. Qc3 {[%clk 00:31:12]} {[%emt 00:06:31]}
Qe7 {[%clk 00:32:17]} {[%emt 00:04:24]} 24. Bxg7 {[%clk 00:30:42]} {[%emt
00:00:45]} Re8 {[%clk 00:27:06]} {[%emt 00:05:22]} 25. Bxh6 {[%clk 00:29:00]}
{[%emt 00:01:47]} Qh7 {[%clk 00:26:16]} {[%emt 00:01:18]} 26. Qd2 {[%clk
00:28:27]} {[%emt 00:00:39]} R8e2 {[%clk 00:24:42]} {[%emt 00:01:59]} 27. Qg5+
{[%clk 00:27:07]} {[%emt 00:01:34]} Kf7 {[%clk 00:24:23]} {[%emt 00:00:35]} 28.
Qf4+ {[%clk 00:26:18]} {[%emt 00:01:03]} Ke6 {[%clk 00:22:59]} {[%emt
00:01:32]} 29. Qg4+ {[%clk 00:25:14]} {[%emt 00:01:25]} Qf5 {[%clk 00:22:29]}
{[%emt 00:00:47]} 30. Qg8+ {[%clk 00:25:17]} {[%emt 00:00:13]} Qf7 {[%emt
00:00:38]} 1/2-1/2

[Event "DEM U8 2024"]
[Site "Willingen GER"]
[Date "2024.05.23"]
[Round "3"]
[White "Graf, Tom"]
[Black "Sriram, Aumkar"]
[Result "0-1"]
[Termination "normal"]
[Board "8"]
[WhiteElo "1456"]
[BlackElo "1610"]
[WhiteClock "00:37:08"]
[BlackClock "00:12:14"]
[PlyCount "76"]
[WhiteFideId "34622420"]
[BlackFideId "33460477"]
[EventCountry "GER"]
[EventRounds "7"]
[EventType "swiss"]
[EventDate "2024.05.21"]

1. e4 {[%clk 01:00:29]} e6 {[%clk 01:00:18]} {[%emt 00:00:12]} 2. d4 {[%clk
01:00:36]} {[%emt 00:00:09]} d5 {[%clk 01:00:26]} {[%emt 00:00:08]} 3. Nc3
{[%clk 01:00:35]} {[%emt 00:00:15]} Nf6 {[%clk 01:00:31]} {[%emt 00:00:10]} 4.
Bg5 {[%clk 01:00:20]} {[%emt 00:00:29]} h6 {[%clk 01:00:25]} {[%emt 00:00:22]}
5. Bxf6 {[%clk 01:00:16]} {[%emt 00:00:19]} Qxf6 {[%clk 01:00:26]} {[%emt
00:00:14]} 6. exd5 {[%clk 01:00:16]} {[%emt 00:00:14]} Bb4 {[%clk 01:00:29]}
{[%emt 00:00:13]} 7. dxe6 {[%clk 01:00:10]} {[%emt 00:00:21]} Bxe6 {[%clk
01:00:17]} {[%emt 00:00:26]} 8. Nf3 {[%clk 01:00:05]} {[%emt 00:00:20]} O-O
{[%clk 01:00:13]} {[%emt 00:00:19]} 9. a3 {[%clk 00:59:53]} {[%emt 00:00:28]}
Bxc3+ {[%clk 00:59:49]} {[%emt 00:00:38]} 10. bxc3 {[%clk 01:00:00]} {[%emt
00:00:08]} Re8 {[%clk 00:59:30]} {[%emt 00:00:34]} 11. Be2 {[%clk 01:00:03]}
{[%emt 00:00:13]} Bc4 {[%clk 00:58:57]} {[%emt 00:00:49]} 12. Ne5 {[%clk
00:58:53]} {[%emt 00:01:24]} Bxe2 {[%clk 00:58:41]} {[%emt 00:00:31]} 13. Qxe2
{[%clk 00:58:55]} {[%emt 00:00:13]} Nc6 {[%clk 00:58:46]} {[%emt 00:00:11]} 14.
O-O {[%clk 00:58:49]} {[%emt 00:00:21]} Nxe5 {[%clk 00:58:34]} {[%emt
00:00:27]} 15. dxe5 {[%clk 00:58:52]} {[%emt 00:00:12]} Rxe5 {[%clk 00:58:16]}
{[%emt 00:00:33]} 16. Qc4 {[%clk 00:58:28]} {[%emt 00:00:39]} c6 {[%clk
00:54:28]} {[%emt 00:04:03]} 17. Rfe1 {[%clk 00:58:31]} {[%emt 00:00:12]} Rae8
{[%clk 00:53:48]} {[%emt 00:00:55]} 18. Rxe5 {[%clk 00:58:18]} {[%emt
00:00:28]} Qxe5 {[%clk 00:53:30]} {[%emt 00:00:33]} 19. h3 {[%clk 00:58:13]}
{[%emt 00:00:19]} Qe2 {[%clk 00:52:00]} {[%emt 00:01:45]} 20. Qb3 {[%clk
00:57:00]} {[%emt 00:01:28]} Qe5 {[%clk 00:47:52]} {[%emt 00:04:23]} 21. Rd1
{[%clk 00:56:15]} {[%emt 00:01:00]} b6 {[%clk 00:46:33]} {[%emt 00:01:35]} 22.
Ra1 {[%clk 00:55:58]} {[%emt 00:00:49]} Qf6 {[%clk 00:46:18]} {[%emt 00:00:42]}
23. Qc4 {[%clk 00:55:43]} {[%emt 00:00:30]} Re5 {[%clk 00:39:49]} {[%emt
00:06:45]} 24. Rd1 {[%clk 00:51:48]} {[%emt 00:04:09]} Rc5 {[%clk 00:38:58]}
{[%emt 00:01:06]} 25. Qe4 {[%clk 00:50:45]} {[%emt 00:01:18]} Rxc3 {[%clk
00:36:33]} {[%emt 00:02:42]} 26. Qe8+ {[%clk 00:50:39]} {[%emt 00:00:21]} Kh7
{[%clk 00:35:44]} {[%emt 00:01:03]} 27. Rd8 {[%clk 00:50:34]} {[%emt 00:00:19]}
Rxc2 {[%clk 00:33:04]} {[%emt 00:02:56]} 28. Qe4+ {[%clk 00:49:30]} {[%emt
00:01:19]} Qg6 {[%clk 00:32:16]} {[%emt 00:01:03]} 29. Qe8 {[%clk 00:48:49]}
{[%emt 00:00:56]} Rc1+ {[%clk 00:31:14]} {[%emt 00:01:17]} 30. Kh2 {[%clk
00:48:57]} {[%emt 00:00:05]} Qf6 {[%clk 00:30:48]} {[%emt 00:00:42]} 31. Qe4+
{[%clk 00:48:11]} {[%emt 00:01:01]} g6 {[%clk 00:28:23]} {[%emt 00:02:41]} 32.
Rc8 {[%clk 00:45:29]} {[%emt 00:02:55]} Rc5 {[%clk 00:20:59]} {[%emt 00:07:40]}
33. Re8 {[%clk 00:42:37]} {[%emt 00:03:07]} b5 {[%clk 00:19:22]} {[%emt
00:01:53]} 34. Qe3 {[%clk 00:41:44]} {[%emt 00:01:06]} Rc4 {[%clk 00:18:19]}
{[%emt 00:01:20]} 35. g3 {[%clk 00:41:04]} {[%emt 00:00:54]} Rc3 {[%clk
00:17:43]} {[%emt 00:00:51]} 36. Qxa7 {[%clk 00:40:15]} {[%emt 00:01:04]} c5
{[%clk 00:17:11]} {[%emt 00:00:48]} 37. Re2 {[%clk 00:39:28]} {[%emt 00:01:01]}
Qf3 {[%clk 00:13:11]} {[%emt 00:04:16]} 38. Qe7 {[%clk 00:37:08]} {[%emt
00:02:34]} Rc1 {[%clk 00:12:14]} {[%emt 00:01:13]} 0-1